Where do they come from? - Arsenal 22/23 - Statistics

General Stats
  • This quiz has been taken 160 times
  • The average score is 14 of 19
Answer Stats
# Player Signed from Year % Correct
9 Gabriel Jesus Manchester City 2022
99%
35 Oleksandr Zinchenko Manchester City 2022
99%
8 Martin Ødegaard Real Madrid 2021
98%
20 Jorginho Chelsea 2023
96%
4 Ben White Brighton & Hove Albion 2021
93%
19 Leandro Trossard Brighton & Hove Albion 2023
93%
5 Thomas Partey Atlético Madrid 2020
90%
3 Kieran Tierney Celtic 2019
86%
21 Fábio Vieira FC Porto 2022
85%
1 Aaron Ramsdale Sheffield United 2021
78%
6 Gabriel Magalhães Lille OSC 2020
73%
12 William Saliba Saint-Étienne 2019
60%
18 Takehiro Tomiyasu Bologna 2021
58%
34 Granit Xhaka Borussia Monchengladbach 2016
58%
25 Mohamed Elneny FC Basel 2016
48%
16 Rob Holding Bolton Wanderers 2016
41%
15 Jakub Kiwior Spezia 2023
39%
30 Matt Turner New England Revolution 2022
35%
11 Gabriel Martinelli Ituano FC 2019
25%
No matching quizzes found
Score Distribution
Percent of People with Each Score
Percentile by Number Answered
Your Score History
You have not taken this quiz